000 00826nam a2200265Ia 4500
003 OSt
005 20220923211820.0
006 a|||||r|||| 00| 0
007 ta
008 220922b |||||||| |||| 00| 0 hin d
024 _a58,568
037 _cTextual
040 _aARTS
_cARTS
_bhin
041 _2hin
_ahin
082 _aQ127:25, 152M6
100 _aशंकर, बवउउ
245 0 _aईशावास्योपनिषद
246 _aĪshāvāsyopaniṣhada
260 _aकाशी
_b काशिका नन्द जी ट्रस्ट प्र0
_c1986
300 _a306पृ.
_ccm.
650 _a उपनिषद्
650 _aधर्मशास्त्र
942 _hQ127:25, 152M6
_cTEXL
_2CC
999 _c303910
_d303910